000 00234nam a2200097Ia 4500
008 120527s9999 xx 000 0 und d
100 _aI.C.U.D.I
245 _aHauptsadt.berlin capital berlin.
260 _bVerlag Pergamon
942 _cBK
999 _c15001
_d15001